5 Biggest Cities : Ukraine - Statistics

General Stats
  • This quiz has been taken 183 times
  • The average score is 4 of 5
Answer Stats
Rank City % Correct
1. Kiev
97%
5. Odesa
86%
2, Kharkiv
82%
4. Donetsk
75%
3. Dnipro
73%
No matching quizzes found
Score Distribution
Percent of People with Each Score
Percentile by Number Answered
Your Score History
You have not taken this quiz